[Event "Xtracon Skakligaen"]
[Site "Denmark"]
[Date "2016.01.09"]
[Round "4.5"]
[White "Pedersen, Daniel V"]
[Black "Schou Moldt, Thomas"]
[Result "1-0"]
[WhiteElo "2244"]
[BlackElo "2144"]
[PlyCount "69"]
[EventDate "2015.10.31"]
[EventType "team-tourn"]
[EventRounds "9"]
[EventCountry "DEN"]
[WhiteTeam "Nordkalotten"]
[BlackTeam "Obro"]
[WhiteTeamCountry "DEN"]
[BlackTeamCountry "DEN"]

1. e4 d6 2. d4 Nf6 3. Nc3 g6 4. Nf3 Bg7 5. Be2 O-O 6. O-O c5 7. d5 a6 8. a4 e6
9. Nd2 exd5 10. exd5 Nbd7 11. Nc4 Ne5 12. h3 Nxc4 13. Bxc4 Re8 14. Re1 Rxe1+
15. Qxe1 b6 16. Bg5 Qd7 17. Qd2 Bb7 18. Re1 Re8 19. Re2 Rxe2 20. Qxe2 Qf5 21.
Bh4 Qe5 22. Bxa6 Qxe2 23. Bxe2 Nxd5 24. Nxd5 Bxd5 25. Bd8 Bc6 26. b3 Kf8 27.
Bxb6 Ke8 28. Bb5 Bxb5 29. axb5 Bc3 30. Kf1 Kd7 31. Ke2 Bb4 32. Kd3 d5 33. c3
Ba3 34. b4 Kd6 35. Bxc5+ 1-0

[Event "Xtracon Skakligaen"]
[Site "Denmark"]
[Date "2016.01.09"]
[Round "4.6"]
[White "Simonsen, Carsten"]
[Black "Jakobsen, Peter"]
[Result "1/2-1/2"]
[WhiteElo "2217"]
[BlackElo "2225"]
[PlyCount "76"]
[EventDate "2015.10.31"]
[EventType "team-tourn"]
[EventRounds "9"]
[EventCountry "DEN"]
[WhiteTeam "Obro"]
[BlackTeam "Nordkalotten"]
[WhiteTeamCountry "DEN"]
[BlackTeamCountry "DEN"]

1. d4 Nf6 2. Bg5 Ne4 3. Bf4 d5 4. e3 c5 5. Bd3 cxd4 6. exd4 Qb6 7. Nc3 Nf6 8.
Nge2 a6 9. O-O Bg4 10. Be5 Nbd7 11. Qd2 Bxe2 12. Bxe2 e6 13. Bf3 Be7 14. Bf4
O-O 15. Rfe1 Rac8 16. Nd1 Qc6 17. Ne3 b5 18. Rac1 Nb6 19. c3 Nc4 20. Nxc4 bxc4
21. Re3 Bd6 22. Be5 Bxe5 23. dxe5 Nd7 24. b4 cxb3 25. axb3 Nc5 26. c4 Ne4 27.
Bxe4 dxe4 28. Qd4 Rb8 29. h3 Rfd8 30. Qc3 Rd7 31. Qc2 h6 32. Rd1 Rd5 33. Rxd5
exd5 34. Qe2 a5 35. cxd5 Qxd5 36. Rxe4 Rxb3 37. e6 fxe6 38. Rxe6 Rb1+ 1/2-1/2

[Event "Xtracon Skakligaen"]
[Site "Denmark"]
[Date "2016.01.09"]
[Round "4.7"]
[White "Ejsing, Esben"]
[Black "Rhee, Alexander Kasper"]
[Result "1-0"]
[WhiteElo "2194"]
[BlackElo "2214"]
[PlyCount "95"]
[EventDate "2015.10.31"]
[EventType "team-tourn"]
[EventRounds "9"]
[EventCountry "DEN"]
[WhiteTeam "Nordkalotten"]
[BlackTeam "Obro"]
[WhiteTeamCountry "DEN"]
[BlackTeamCountry "DEN"]

1. d4 Nf6 2. Nf3 d6 3. Bf4 g6 4. e3 Bg7 5. h3 O-O 6. Be2 c5 7. O-O b6 8. c4 Ne4
9. Nfd2 Nxd2 10. Qxd2 Bb7 11. d5 b5 12. cxb5 a6 13. Na3 axb5 14. Bxb5 Qb6 15.
Rab1 Ba6 16. Bc4 Bxc4 17. Nxc4 Qa6 18. Qc1 Nd7 19. a3 Rfb8 20. Bg5 Kf8 21. e4
Qb5 22. b3 Nb6 23. a4 Qa6 24. Na3 c4 25. Nb5 Rc8 26. Bh6 Kg8 27. Bxg7 Kxg7 28.
Qg5 cxb3 29. Qxe7 Nc4 30. Rfc1 Re8 31. Qg5 Qxa4 32. Nd4 Re5 33. Nf5+ Kg8 34.
Nh6+ Kg7 35. Nf5+ Kg8 36. Rc3 b2 37. Qh6 Rxf5 38. exf5 Kh8 39. f6 Rg8 40. Kh2
Qa2 41. Re1 Qa4 42. Qh4 Qa1 43. Rxc4 g5 44. Qe4 h5 45. Rc7 Rb8 46. Rxf7 b1=Q
47. Qe8+ Rxe8 48. Rxe8# 1-0

[Event "Xtracon Skakligaen"]
[Site "Denmark"]
[Date "2016.01.09"]
[Round "4.8"]
[White "Nielsen, Viktor"]
[Black "Hove, Esben Kjems"]
[Result "0-1"]
[WhiteElo "2161"]
[BlackElo "2218"]
[PlyCount "78"]
[EventDate "2015.10.31"]
[EventType "team-tourn"]
[EventRounds "9"]
[EventCountry "DEN"]
[WhiteTeam "Obro"]
[BlackTeam "Nordkalotten"]
[WhiteTeamCountry "DEN"]
[BlackTeamCountry "DEN"]

1. e4 c6 2. d4 d5 3. Nc3 dxe4 4. Nxe4 Bf5 5. Ng3 Bg6 6. h4 h6 7. Nf3 Nd7 8. h5
Bh7 9. Bd3 Bxd3 10. Qxd3 e6 11. Bd2 Ngf6 12. O-O-O Qc7 13. Kb1 O-O-O 14. Ne4
Be7 15. c4 c5 16. Nxf6 Bxf6 17. Be3 cxd4 18. Nxd4 a6 19. Qc2 Kb8 20. Nb3 Ka8
21. c5 Nb8 22. Qe4 Rxd1+ 23. Rxd1 Rd8 24. Rxd8 Qxd8 25. Kc2 Nc6 26. a3 Be5 27.
Nd2 f5 28. Qc4 f4 29. Bxf4 Nd4+ 30. Kd3 Bxf4 31. Qxd4 Qxd4+ 32. Kxd4 Bxd2 33.
Ke5 Bc1 34. Kxe6 Bxb2 35. a4 Bd4 36. Kf7 Kb8 37. f4 Kc7 38. g4 Kc6 39. g5 hxg5
0-1

[Event "Xtracon Skakligaen"]
[Site "Denmark"]
[Date "2016.01.10"]
[Round "5.1"]
[White "Hansen, Mads Smith"]
[Black "Svane, Rasmus"]
[Result "0-1"]
[WhiteElo "2356"]
[BlackElo "2543"]
[PlyCount "60"]
[EventDate "2015.10.31"]
[EventType "team-tourn"]
[EventRounds "9"]
[EventCountry "DEN"]
[WhiteTeam "Obro"]
[BlackTeam "Skanderborg"]
[WhiteTeamCountry "DEN"]
[BlackTeamCountry "DEN"]

1. e4 e6 2. Nf3 d5 3. e5 c5 4. b4 cxb4 5. a3 bxa3 6. d4 Nc6 7. c3 Bd7 8. Bd3 b5
9. O-O b4 10. cxb4 Nxb4 11. Bxa3 Be7 12. Be2 Nh6 13. Qd2 a5 14. Nc3 O-O 15. h3
Qb6 16. g4 Rfc8 17. Rfc1 Rc6 18. Kg2 Qd8 19. Bb2 Rcc8 20. Bd1 Bc6 21. Na4 Bb5
22. Nc5 Bc4 23. Bc3 Qb6 24. Na4 Qa6 25. Ne1 Qb7 26. Rab1 Qa7 27. Ra1 Qb7 28.
Rab1 Rab8 29. Nc2 Qc6 30. Ne3 Na2 0-1

[Event "Xtracon Skakligaen"]
[Site "Denmark"]
[Date "2016.01.10"]
[Round "5.2"]
[White "Andersen, Mads"]
[Black "Jorgensen, Dennis"]
[Result "1-0"]
[WhiteElo "2457"]
[BlackElo "2237"]
[PlyCount "79"]
[EventDate "2015.10.31"]
[EventType "team-tourn"]
[EventRounds "9"]
[EventCountry "DEN"]
[WhiteTeam "Skanderborg"]
[BlackTeam "Obro"]
[WhiteTeamCountry "DEN"]
[BlackTeamCountry "DEN"]

1. d4 d5 2. c4 c6 3. Nf3 Nf6 4. e3 g6 5. Nc3 Bg7 6. Be2 O-O 7. O-O dxc4 8. Bxc4
Bg4 9. h3 Bxf3 10. Qxf3 Nbd7 11. Rd1 e5 12. d5 e4 13. Nxe4 Nxe4 14. Qxe4 Nb6
15. Qc2 cxd5 16. Be2 Qe7 17. Qb3 Rfd8 18. Bd2 Rac8 19. Bb4 Qe6 20. Bg4 f5 21.
Bf3 Kh8 22. Rac1 Rc6 23. Rc5 Qc8 24. Rdc1 h6 25. Rxc6 bxc6 26. Bc3 Rd6 27. Qb4
Qc7 28. Qf4 Kh7 29. Bb4 Rd7 30. Qxc7 Rxc7 31. Bd6 Bxb2 32. Rc2 Rd7 33. Rxc6 Nc4
34. Bc5 Be5 35. Ra6 Bb8 36. Bd4 Nd2 37. Be2 Rc7 38. g4 Ne4 39. Re6 Ng5 40. Re8
1-0

[Event "Xtracon Skakligaen"]
[Site "Denmark"]
[Date "2016.01.10"]
[Round "5.3"]
[White "Hansen, Soren Bech"]
[Black "Semcesen, Daniel"]
[Result "0-1"]
[WhiteElo "2263"]
[BlackElo "2436"]
[PlyCount "60"]
[EventDate "2015.10.31"]
[EventType "team-tourn"]
[EventRounds "9"]
[EventCountry "DEN"]
[WhiteTeam "Obro"]
[BlackTeam "Skanderborg"]
[WhiteTeamCountry "DEN"]
[BlackTeamCountry "DEN"]

1. e4 e5 2. Bc4 Nc6 3. Nf3 g6 4. O-O Bg7 5. c3 d6 6. h3 Nf6 7. Re1 O-O 8. d4 h6
9. Bb3 Qe7 10. Nbd2 Bd7 11. Nc4 b5 12. Ne3 Na5 13. Bc2 c5 14. Bd2 Rfe8 15. a4
a6 16. b4 cxb4 17. cxb4 Nc6 18. Nd5 Nxd5 19. exd5 Na7 20. a5 f5 21. dxe5 dxe5
22. Bc3 Qd6 23. Ra3 e4 24. Bxg7 Kxg7 25. Nh4 g5 26. Rg3 Kh7 27. Qh5 Qf6 28.
Rxe4 Rxe4 29. Nxf5 Bxf5 30. Rf3 Qg6 0-1

[Event "Xtracon Skakligaen"]
[Site "Denmark"]
[Date "2016.01.10"]
[Round "5.4"]
[White "Pedersen, Nicolai Vesterbaek"]
[Black "Skousen, Nikolai"]
[Result "0-1"]
[WhiteElo "2403"]
[BlackElo "2225"]
[PlyCount "55"]
[EventDate "2015.10.31"]
[EventType "team-tourn"]
[EventRounds "9"]
[EventCountry "DEN"]
[WhiteTeam "Skanderborg"]
[BlackTeam "Obro"]
[WhiteTeamCountry "DEN"]
[BlackTeamCountry "DEN"]

1. d4 Nf6 2. c4 g6 3. Nc3 Bg7 4. e4 d6 5. Be2 O-O 6. Nf3 e5 7. d5 a5 8. Nd2 Na6
9. h4 h5 10. f3 Nc5 11. Nb3 Ne8 12. g4 hxg4 13. fxg4 f5 14. exf5 gxf5 15. g5 f4
16. Bg4 e4 17. Kf1 Qe7 18. Bxc8 Rxc8 19. Qg4 Bxc3 20. Qxc8 Ng7 21. Qg4 Be5 22.
Kg2 Nd3 23. Bd2 a4 24. Nc1 Nxb2 25. a3 Nxc4 26. Ra2 Nf5 27. Rh3 f3+ 28. Kf1 0-1

[Event "Xtracon Skakligaen"]
[Site "Denmark"]
[Date "2016.01.10"]
[Round "5.5"]
[White "Schou Moldt, Thomas"]
[Black "Andersen, Jackie"]
[Result "0-1"]
[WhiteElo "2144"]
[BlackElo "2343"]
[PlyCount "132"]
[EventDate "2015.10.31"]
[EventType "team-tourn"]
[EventRounds "9"]
[EventCountry "DEN"]
[WhiteTeam "Obro"]
[BlackTeam "Skanderborg"]
[WhiteTeamCountry "DEN"]
[BlackTeamCountry "DEN"]

1. e4 a6 2. d4 b5 3. Nf3 Bb7 4. Bd3 e6 5. O-O c5 6. dxc5 Bxc5 7. Qe2 d6 8. Nc3
Nd7 9. Bf4 Ne7 10. Rfd1 e5 11. Bg5 f6 12. Be3 Qb6 13. Bd2 Qc6 14. a3 Ba7 15.
Rac1 O-O 16. a4 bxa4 17. Bc4+ Kh8 18. Nd5 Nxd5 19. Bxd5 Qc7 20. c4 Rab8 21. Nh4
Bxd5 22. cxd5 Nc5 23. Bc3 Rb3 24. Kh1 a3 25. bxa3 Nxe4 26. Bd4 Nc5 27. Bxc5
Bxc5 28. Qxa6 f5 29. Qa4 Qb7 30. Qc6 Qe7 31. Nf3 e4 32. Nd4 Bxd4 33. Rxd4 Rxa3
34. Ra4 Rxa4 35. Qxa4 f4 36. Re1 e3 37. Qd4 Qf7 38. Kg1 exf2+ 39. Kxf2 f3 40.
gxf3 Qxf3+ 41. Kg1 h6 42. Qe4 Qf2+ 43. Kh1 Rf4 44. Qe3 Qxe3 45. Rxe3 Rd4 46.
Kg2 Rxd5 47. Kf3 Kh7 48. Kf4 Kg6 49. Rg3+ Kf6 50. Ke4 Rf5 51. Ra3 Rh5 52. h3
Ke6 53. Kf4 Rh4+ 54. Kg3 Rd4 55. h4 h5 56. Re3+ Kd5 57. Re7 Rg4+ 58. Kh3 Kd4
59. Ra7 d5 60. Ra4+ Ke5 61. Ra7 g6 62. Ra6 d4 63. Rb6 Kf5 64. Rb5+ Kf6 65. Rb6+
Kg7 66. Rb7+ Kh6 0-1

[Event "Xtracon Skakligaen"]
[Site "Denmark"]
[Date "2016.01.10"]
[Round "5.6"]
[White "Boe, Mads"]
[Black "Simonsen, Carsten"]
[Result "0-1"]
[WhiteElo "2330"]
[BlackElo "2217"]
[PlyCount "84"]
[EventDate "2015.10.31"]
[EventType "team-tourn"]
[EventRounds "9"]
[EventCountry "DEN"]
[WhiteTeam "Skanderborg"]
[BlackTeam "Obro"]
[WhiteTeamCountry "DEN"]
[BlackTeamCountry "DEN"]

1. e4 e5 2. Nc3 Nf6 3. Bc4 Nc6 4. d3 Na5 5. Nge2 Bc5 6. O-O Nxc4 7. dxc4 d6 8.
Qd3 Be6 9. b3 O-O 10. Be3 Nd7 11. Bxc5 Nxc5 12. Qe3 f5 13. f4 Qf6 14. exf5 Qxf5
15. fxe5 Qxe5 16. Qxe5 dxe5 17. Ng3 Rae8 18. Rfe1 Bf5 19. Nxf5 Rxf5 20. Rad1 g6
21. Nb5 Re7 22. Nxa7 e4 23. Nb5 e3 24. Nd4 Rfe5 25. Nf3 Re4 26. Rd4 Kg7 27.
Rxe4 Rxe4 28. Kf1 Kf6 29. Ke2 Kf5 30. Rd1 c6 31. Rf1 Re7 32. c3 Ne4 33. Nd2+
Nf2 34. c5 Kg5 35. Nc4 Ne4 36. Rc1 Nf6 37. Kd3 Nd5 38. g3 Kg4 39. Re1 Kf3 40.
Re2 h5 41. Re1 e2 42. Na3 Ne3 0-1

[Event "Xtracon Skakligaen"]
[Site "Denmark"]
[Date "2016.01.10"]
[Round "5.7"]
[White "Rhee, Alexander Kasper"]
[Black "Seegert, Kristian"]
[Result "1-0"]
[WhiteElo "2214"]
[BlackElo "2234"]
[PlyCount "71"]
[EventDate "2015.10.31"]
[EventType "team-tourn"]
[EventRounds "9"]
[EventCountry "DEN"]
[WhiteTeam "Obro"]
[BlackTeam "Skanderborg"]
[WhiteTeamCountry "DEN"]
[BlackTeamCountry "DEN"]

1. d4 f5 2. Nc3 Nf6 3. Bg5 d5 4. e3 e6 5. Nf3 Be7 6. Bd3 O-O 7. O-O Nbd7 8. Ne2
h6 9. Bh4 g5 10. Bg3 Nh5 11. c4 c6 12. cxd5 cxd5 13. Qc2 Nxg3 14. hxg3 Bd6 15.
Rfc1 Nf6 16. a3 Bd7 17. Qb3 Rb8 18. Bb5 Qb6 19. Nc3 Ne4 20. Ba4 Nxc3 21. Rxc3
Bxa4 22. Qxa4 Qxb2 23. Rac1 Rfd8 24. Ne5 a6 25. Qd1 Qb5 26. Qh5 Bxe5 27. Qg6+
Kf8 28. dxe5 Qe8 29. Qxh6+ Kg8 30. Qxg5+ Kf8 31. g4 fxg4 32. e4 Rbc8 33. Qxg4
dxe4 34. Qf4+ Ke7 35. Qf6+ Kd7 36. Rd1# 1-0

[Event "Xtracon Skakligaen"]
[Site "Denmark"]
[Date "2016.01.10"]
[Round "5.8"]
[White "Bjerre, Jonas Buhl"]
[Black "Nielsen, Viktor"]
[Result "1-0"]
[WhiteElo "2076"]
[BlackElo "2161"]
[PlyCount "131"]
[EventDate "2015.10.31"]
[EventType "team-tourn"]
[EventRounds "9"]
[EventCountry "DEN"]
[WhiteTeam "Skanderborg"]
[BlackTeam "Obro"]
[WhiteTeamCountry "DEN"]
[BlackTeamCountry "DEN"]

1. e4 e5 2. Nf3 Nc6 3. Bc4 Bc5 4. c3 Nf6 5. d3 a6 6. Bb3 Ba7 7. h3 O-O 8. Bg5
h6 9. Bh4 d6 10. Nbd2 Be6 11. Nh2 g5 12. Bg3 Kg7 13. Bxe6 fxe6 14. h4 Qe8 15.
hxg5 hxg5 16. Ndf3 Qh5 17. Qb3 Nd8 18. O-O-O b5 19. Qc2 Nf7 20. d4 g4 21. dxe5
dxe5 22. Nxe5 Qg5+ 23. Qd2 Qxd2+ 24. Rxd2 Nd6 25. Nexg4 Nfxe4 26. Be5+ Kg6 27.
Nf3 Nxd2 28. Rh6+ Kf5 29. Rh5+ Ke4 30. Nf6+ Kd3 31. Nxd2 Rh8 32. Nd5 exd5 33.
Bxh8 Bxf2 34. Kd1 c6 35. Rh3+ Be3 36. Bd4 Nf5 37. Nf1 Re8 38. g4 Nxd4 39. cxd4
Kxd4 40. Nxe3 Rg8 41. Ke2 Ke4 42. Rg3 Rg5 43. b4 Kf4 44. Nf5 Rg6 45. Rf3+ Kxg4
46. Ne3+ Kh4 47. Kd3 Rg1 48. Rf1 Rg3 49. Rf6 Kg5 50. Rxc6 Kf4 51. Rf6+ Ke5 52.
Rf5+ Ke6 53. Rh5 Rf3 54. Ke2 Rg3 55. Kf2 Rg8 56. Nxd5 Rc8 57. Nf4+ Kd6 58. Rd5+
Ke7 59. Rc5 Rf8 60. Ke3 Kd6 61. Rg5 Kc6 62. Rg6+ Kb7 63. Ne6 Re8 64. Kd4 Ka7
65. Nc5 Rd8+ 66. Kc3 1-0

[Event "Xtracon Skakligaen"]
[Site "Denmark"]
[Date "2016.01.10"]
[Round "5.1"]
[White "Jahncke, Giso"]
[Black "Teplyi, Igor"]
[Result "1/2-1/2"]
[WhiteElo "2285"]
[BlackElo "2422"]
[PlyCount "109"]
[EventDate "2015.10.31"]
[EventType "team-tourn"]
[EventRounds "9"]
[EventCountry "DEN"]
[WhiteTeam "Bov"]
[BlackTeam "Nordre"]
[WhiteTeamCountry "DEN"]
[BlackTeamCountry "DEN"]

1. Nf3 c5 2. c4 Nc6 3. Nc3 g6 4. e3 Nf6 5. d4 cxd4 6. exd4 d5 7. cxd5 Nxd5 8.
Qb3 e6 9. Bg5 Be7 10. Bh6 Qa5 11. Be2 Bf8 12. Bxf8 Kxf8 13. O-O Nxc3 14. bxc3
Kg7 15. Rfd1 Rd8 16. c4 Ne7 17. Qe3 Qc7 18. g4 h6 19. Rac1 Qd6 20. Rd3 Bd7 21.
Ne5 Bc6 22. Rcd1 f6 23. Nxc6 bxc6 24. h4 g5 25. h5 Rab8 26. Bf3 Rb4 27. Ra3
Rxc4 28. Rxa7 Rd7 29. Rxd7 Qxd7 30. Qb3 Rxd4 31. Rxd4 Qxd4 32. Qxe6 Kf8 33. Be4
Qe5 34. Qxe5 fxe5 35. Kf1 Nd5 36. a3 Ke7 37. Ke2 Kd6 38. Kd3 Kc5 39. Bf5 Nf6
40. f3 Kb5 41. Kc3 Ne8 42. a4+ Kc5 43. Bd3 Nd6 44. a5 Nb5+ 45. Kd2 Na7 46. Ke3
Kd5 47. Be4+ Kd6 48. Bh7 Ke7 49. Ke4 Kf6 50. Bg8 Nb5 51. a6 Na7 52. Bh7 Ke6 53.
Bf5+ Kd6 54. Bh7 Ke6 55. Bf5+ 1/2-1/2

[Event "Xtracon Skakligaen"]
[Site "Denmark"]
[Date "2016.01.10"]
[Round "5.2"]
[White "Baekgaard, Martin"]
[Black "Schwarz, Frank"]
[Result "0-1"]
[WhiteElo "2333"]
[BlackElo "2258"]
[PlyCount "60"]
[EventDate "2015.10.31"]
[EventType "team-tourn"]
[EventRounds "9"]
[EventCountry "DEN"]
[WhiteTeam "Nordre"]
[BlackTeam "Bov"]
[WhiteTeamCountry "DEN"]
[BlackTeamCountry "DEN"]

1. d4 Nf6 2. c4 e6 3. g3 d5 4. Nf3 c6 5. Bg2 Nbd7 6. O-O Bd6 7. Nbd2 O-O 8. b3
Re8 9. Bb2 e5 10. dxe5 Nxe5 11. Qc2 Bg4 12. cxd5 cxd5 13. Rac1 Nc6 14. e3 Rc8
15. Qb1 Qd7 16. Qa1 Qf5 17. Nd4 Nxd4 18. Bxd4 Bb4 19. Qb2 Be2 20. Ne4 Bxf1 21.
Nxf6+ gxf6 22. Rxf1 Rc2 23. Qa1 Re6 24. a3 Bd2 25. Bxa7 Rec6 26. Qd1 Qd3 27.
Qg4+ Kf8 28. b4 b6 29. Qd7 Bxe3 30. Bxd5 Qxf1+ 0-1

[Event "Xtracon Skakligaen"]
[Site "Denmark"]
[Date "2016.01.10"]
[Round "5.3"]
[White "Reinecker, Kai"]
[Black "Petersen, Tom Petri"]
[Result "1/2-1/2"]
[WhiteElo "2246"]
[BlackElo "2349"]
[PlyCount "39"]
[EventDate "2015.10.31"]
[EventType "team-tourn"]
[EventRounds "9"]
[EventCountry "DEN"]
[WhiteTeam "Bov"]
[BlackTeam "Nordre"]
[WhiteTeamCountry "DEN"]
[BlackTeamCountry "DEN"]

1. e4 g6 2. d4 Bg7 3. Nc3 d6 4. Be3 a6 5. f4 e6 6. Nf3 Ne7 7. Bd3 Nd7 8. O-O
O-O 9. Kh1 b5 10. Ne2 Bb7 11. Ng3 Nf6 12. c3 Ng4 13. Bd2 f5 14. Qb3 Qd7 15. Ng5
fxe4 16. Bxe4 Bd5 17. Bxd5 exd5 18. Rae1 c6 19. Qd1 Nh6 20. Ne6 1/2-1/2

[Event "Xtracon Skakligaen"]
[Site "Denmark"]
[Date "2016.01.10"]
[Round "5.4"]
[White "Sloth, Jorn"]
[Black "Kevorkov, Artur"]
[Result "1/2-1/2"]
[WhiteElo "2311"]
[BlackElo "2228"]
[PlyCount "43"]
[EventDate "2015.10.31"]
[EventType "team-tourn"]
[EventRounds "9"]
[EventCountry "DEN"]
[WhiteTeam "Nordre"]
[BlackTeam "Bov"]
[WhiteTeamCountry "DEN"]
[BlackTeamCountry "DEN"]

1. c4 c6 2. Nf3 d5 3. e3 Nf6 4. Nc3 e6 5. b3 Bd6 6. Bb2 O-O 7. Qc2 Nbd7 8. Be2
dxc4 9. bxc4 e5 10. Ng5 Nc5 11. Rd1 h6 12. d4 exd4 13. exd4 Ne6 14. Nxe6 Bxe6
15. O-O Qc7 16. g3 Rfe8 17. Rfe1 Rad8 18. Qa4 a6 19. d5 cxd5 20. Nxd5 Nxd5 21.
cxd5 Bf5 22. Rc1 1/2-1/2

[Event "Xtracon Skakligaen"]
[Site "Denmark"]
[Date "2016.01.10"]
[Round "5.5"]
[White "Schutte, Andreas"]
[Black "Klitgaard, Thomas"]
[Result "1/2-1/2"]
[WhiteElo "2182"]
[BlackElo "2230"]
[PlyCount "29"]
[EventDate "2015.10.31"]
[EventType "team-tourn"]
[EventRounds "9"]
[EventCountry "DEN"]
[WhiteTeam "Bov"]
[BlackTeam "Nordre"]
[WhiteTeamCountry "DEN"]
[BlackTeamCountry "DEN"]

1. d4 Nf6 2. Nf3 d5 3. g3 c6 4. Bg2 Bf5 5. O-O e6 6. b3 Bd6 7. Bb2 O-O 8. c4
Nbd7 9. Nc3 Ne4 10. Nh4 Nxc3 11. Bxc3 Bg4 12. Qd2 Be7 13. Nf3 Bf5 14. Rfd1 Be4
15. Qb2 1/2-1/2

[Event "Xtracon Skakligaen"]
[Site "Denmark"]
[Date "2016.01.10"]
[Round "5.6"]
[White "Hoiberg, Nina"]
[Black "Klawitter, Harald"]
[Result "1-0"]
[WhiteElo "2213"]
[BlackElo "2120"]
[PlyCount "45"]
[EventDate "2015.10.31"]
[EventType "team-tourn"]
[EventRounds "9"]
[EventCountry "DEN"]
[WhiteTeam "Nordre"]
[BlackTeam "Bov"]
[WhiteTeamCountry "DEN"]
[BlackTeamCountry "DEN"]

1. e4 c5 2. Nf3 e6 3. d4 cxd4 4. Nxd4 a6 5. Nc3 Qc7 6. Be2 Bb4 7. Bd2 Nf6 8.
Bf3 Nc6 9. Nxc6 bxc6 10. O-O d5 11. exd5 cxd5 12. Nxd5 Nxd5 13. Bxd5 exd5 14.
Bxb4 Be6 15. Re1 Qc4 16. c3 O-O-O 17. b3 Qf4 18. Qd3 Kb7 19. Bc5 h5 20. Be3 Qh4
21. a4 Rhg8 22. a5 Rc8 23. Ra4 1-0

[Event "Xtracon Skakligaen"]
[Site "Denmark"]
[Date "2016.01.10"]
[Round "5.7"]
[White "Kramer, Svend Erik"]
[Black "Christensen, Jan Schleicher"]
[Result "1/2-1/2"]
[WhiteElo "2048"]
[BlackElo "2190"]
[PlyCount "62"]
[EventDate "2015.10.31"]
[EventType "team-tourn"]
[EventRounds "9"]
[EventCountry "DEN"]
[WhiteTeam "Bov"]
[BlackTeam "Nordre"]
[WhiteTeamCountry "DEN"]
[BlackTeamCountry "DEN"]

1. e4 e5 2. Nf3 Nc6 3. Bb5 f5 4. Nc3 fxe4 5. Nxe4 Nf6 6. d3 d6 7. h3 Be7 8. c3
O-O 9. O-O Kh8 10. Ng3 a6 11. Ba4 b5 12. Bc2 d5 13. Re1 Bd6 14. a4 Rb8 15. axb5
axb5 16. Bg5 Be6 17. Bh4 Qd7 18. Ng5 Bg8 19. Nh5 Nxh5 20. Qxh5 Qf5 21. Re3 Rf6
22. Rf3 Qg6 23. Qxg6 hxg6 24. Bg3 b4 25. h4 bxc3 26. bxc3 Rb2 27. Ba4 Ne7 28.
Bd7 Nf5 29. Ra8 Nxg3 30. fxg3 e4 31. Nf7+ Rxf7 1/2-1/2

[Event "Xtracon Skakligaen"]
[Site "Denmark"]
[Date "2016.01.10"]
[Round "5.8"]
[White "Olsen, Filip Boe"]
[Black "Lorenzen, Jan Hendrik"]
[Result "1/2-1/2"]
[WhiteElo "2245"]
[BlackElo "2003"]
[PlyCount "60"]
[EventDate "2015.10.31"]
[EventType "team-tourn"]
[EventRounds "9"]
[EventCountry "DEN"]
[WhiteTeam "Nordre"]
[BlackTeam "Bov"]
[WhiteTeamCountry "DEN"]
[BlackTeamCountry "DEN"]

1. d4 d5 2. c4 c6 3. Nf3 e6 4. Nc3 Nf6 5. cxd5 exd5 6. Qc2 Be7 7. Bg5 h6 8. Bh4
O-O 9. e3 Be6 10. Bd3 Nbd7 11. O-O Rc8 12. a3 c5 13. dxc5 Nxc5 14. Qe2 Nfe4 15.
Bxe7 Qxe7 16. Nb5 Nxd3 17. Qxd3 Nc5 18. Qe2 a6 19. Nbd4 Bg4 20. h3 Bh5 21. Rad1
Bg6 22. Qd2 Rfd8 23. Qb4 Qd6 24. Ne2 Bc2 25. Rd4 b6 26. Nf4 a5 27. Qe1 Qc6 28.
Ne5 Qb7 29. Qe2 Nb3 30. Qg4 Nxd4 1/2-1/2

[Event "Xtracon Skakligaen"]
[Site "Denmark"]
[Date "2016.01.10"]
[Round "5.1"]
[White "Ochsner, Bjorn Moller"]
[Black "Hector, Jonny"]
[Result "0-1"]
[WhiteElo "2405"]
[BlackElo "2493"]
[PlyCount "120"]
[EventDate "2015.10.31"]
[EventType "team-tourn"]
[EventRounds "9"]
[EventCountry "DEN"]
[WhiteTeam "AarhusSkolerne"]
[BlackTeam "Nordkalotten"]
[WhiteTeamCountry "DEN"]
[BlackTeamCountry "DEN"]

1. d4 d5 2. c4 c6 3. Nf3 Nf6 4. e3 Bf5 5. Nc3 e6 6. Nh4 Be4 7. f3 Bg6 8. Qb3
Qc7 9. Bd2 Be7 10. g3 O-O 11. Nxg6 hxg6 12. Rc1 Rd8 13. cxd5 exd5 14. Be2 Qb6
15. Qc2 Re8 16. Kf2 Nbd7 17. g4 c5 18. Na4 Qe6 19. Nxc5 Bxc5 20. dxc5 d4 21.
Qb3 dxe3+ 22. Qxe3 Qc6 23. Qb3 Nxc5 24. Qb5 Qd5 25. Be3 Rxe3 26. Kxe3 Re8+ 27.
Kf2 Qd4+ 28. Kg2 Ne6 29. Rhe1 Nf4+ 30. Kf1 N4d5 31. Qc5 Qxb2 32. g5 Ne3+ 33.
Kf2 Nfd5 34. Kg1 Qe5 35. Kh1 Qxg5 36. Bf1 Qf4 37. Bg2 Re5 38. Qd6 Kh7 39. Rcd1
Ng4 40. Qxe5 Nxe5 41. Re4 Qf6 42. Rxd5 Nxf3 43. Rd1 Nh4 44. Re2 Nxg2 45. Kxg2
g5 46. Rd5 Qc6 47. Red2 Kg6 48. Kg3 Qc4 49. R5d4 Qf1 50. Rf2 Qg1+ 51. Kf3 f5
52. Ke2 Qb1 53. Kf3 Kh5 54. Kg2 g4 55. Rdf4 g6 56. Rc4 Qd3 57. Rc5 Kh4 58. Rc7
Qe4+ 59. Kg1 f4 60. Rc1 Qe3 0-1

[Event "Xtracon Skakligaen"]
[Site "Denmark"]
[Date "2016.01.10"]
[Round "5.2"]
[White "Brynell, Stellan"]
[Black "Hagen, Andreas Skytte"]
[Result "1/2-1/2"]
[WhiteElo "2421"]
[BlackElo "2396"]
[PlyCount "124"]
[EventDate "2015.10.31"]
[EventType "team-tourn"]
[EventRounds "9"]
[EventCountry "DEN"]
[WhiteTeam "Nordkalotten"]
[BlackTeam "AarhusSkolerne"]
[WhiteTeamCountry "DEN"]
[BlackTeamCountry "DEN"]

1. d4 Nf6 2. c4 e6 3. Nf3 d5 4. Nc3 Bb4 5. Qb3 c5 6. dxc5 Nc6 7. Bg5 Qa5 8.
Bxf6 dxc4 9. Qxc4 gxf6 10. Rc1 Qxc5 11. Qh4 Ke7 12. g3 Bxc3+ 13. bxc3 Qa3 14.
Rc2 e5 15. Bh3 h5 16. O-O Bxh3 17. Qxh3 Qa4 18. Rb2 b6 19. Nh4 Rad8 20. Qg2 Qc4
21. Nf5+ Kf8 22. Qf3 Ne7 23. Nxe7 Kxe7 24. h4 Ke6 25. a3 f5 26. Rb4 Qd5 27. Kg2
f6 28. Rfb1 Rh7 29. a4 Qxf3+ 30. exf3 Rc7 31. a5 bxa5 32. Ra4 Rd5 33. c4 Rdc5
34. Rb8 Kf7 35. Rh8 Kg6 36. Rg8+ Kh7 37. Rb8 Kg6 38. Rg8+ Kh7 39. Rb8 Kg7 40.
Rb5 Rxc4 41. Rxc4 Rxc4 42. Rxa5 Rc7 43. f4 exf4 44. Rxf5 fxg3 45. Rxh5 gxf2 46.
Ra5 Rc4 47. Rxa7+ Kg6 48. Kxf2 Rxh4 49. Kg3 Rb4 50. Ra5 Re4 51. Kf3 Re5 52.
Rxe5 fxe5 53. Ke4 Kf6 54. Ke3 Kf5 55. Kf3 e4+ 56. Ke3 Ke5 57. Ke2 Kd4 58. Kd2
e3+ 59. Ke2 Ke4 60. Ke1 Kd3 61. Kd1 e2+ 62. Ke1 Ke3 1/2-1/2

[Event "Xtracon Skakligaen"]
[Site "Denmark"]
[Date "2016.01.10"]
[Round "5.3"]
[White "Skytte, Rasmus"]
[Black "Sylvan, Jacob"]
[Result "1/2-1/2"]
[WhiteElo "2413"]
[BlackElo "2340"]
[PlyCount "83"]
[EventDate "2015.10.31"]
[EventType "team-tourn"]
[EventRounds "9"]
[EventCountry "DEN"]
[WhiteTeam "AarhusSkolerne"]
[BlackTeam "Nordkalotten"]
[WhiteTeamCountry "DEN"]
[BlackTeamCountry "DEN"]

1. e4 c5 2. Nc3 e6 3. Nf3 a6 4. d4 cxd4 5. Nxd4 Qc7 6. Bd3 Nc6 7. Nxc6 bxc6 8.
O-O d5 9. Qe2 Nf6 10. Bg5 Be7 11. e5 Ng8 12. Bd2 Bf8 13. Na4 c5 14. c4 d4 15.
b4 Bb7 16. Nxc5 Bxc5 17. bxc5 Ne7 18. Rab1 O-O 19. Rb6 Ng6 20. Rfb1 Bc6 21. f4
Rfd8 22. Qf2 Nf8 23. Ba5 Qc8 24. Qh4 Re8 25. R6b2 Ng6 26. Qh5 Qd7 27. Re1 Qe7
28. Bb6 Nf8 29. Rd2 g6 30. Qg5 Qb7 31. h4 h5 32. g4 Nh7 33. Qh6 Qe7 34. Rh2 Bf3
35. f5 Bxg4 36. fxg6 fxg6 37. Qxg6+ Kh8 38. Qxh7+ Qxh7 39. Bxh7 Kxh7 40. c6 Bf3
41. c7 d3 42. Rf2 1/2-1/2